Word Ladder: Obscure July 21 Holiday Quiz Stats

 Plays Quiz Updated Jul 21, 2017

Support Sporcle.
Go Orange.
Score 0/12 Timer 01:30
1 Play Today
Hint 4-letter Word % Correct
One can be tickled this colorPINK
97.5%
Common Christmas tree typePINE
96.7%
Window glassPANE
96.6%
Bowling areaLANE
96%
Rock sub-genre of The RamonesPUNK
93.4%
Ear-splittingLOUD
89.4%
Title for Jim or FarquaadLORD
88.5%
July 21:National ___ [Last Rung] Day
OR Discarded items of little value
🍕🍩JUNK🍰🍨
87.3%
July 21: National [First Rung] ___ Day
OR Solid nourishment
🍔🍟FOOD🍫🍬
85.5%
Taurus or Fusion, e.g.FORD
85.1%
PraiseLAUD
80.2%
Come to rest onLAND
79.6%

Today's Daily Dose

You're not logged in!

Compare scores with friends on all Sporcle quizzes.
OR
Log In
Forgot?

From the Vault

Find the Differences in the Pictures

by myitbos

It's time to put your observational powers to the test!
Remove Ads.
Support Sporcle.
Get the best of Sporcle when you Go Orange. This ad-free experience offers more features, more stats, and more fun while also helping to support Sporcle. Thank you for becoming a member.

Show Comments

Extras

Top Quizzes Today


Score Distribution

Your Account Isn't Verified!

In order to create a playlist on Sporcle, you need to verify the email address you used during registration. Go to your Sporcle Settings to finish the process.

Report this User

Report this user for behavior that violates our Community Guidelines.

Details: